Master standard data : the economic approach to work measurement /

Bibliographic Details
Main Author: Crossan, Richard M.
Other Authors: Nance, Harold W.
Format: Book
Language:English
Published: Huntington, N.Y. : R.E. Krieger Pub. Co., 1980
Edition:Reprint ed.
Subjects:

MARC

Tag First Indicator Second Indicator Subfields
LEADER 00000pam a2200000 a 4500
001 in00000092023
005 20151008064126.0
008 800207r1980 nyua 00110 engm
010 |a  80011165  
020 |a 0898741335 
035 |a (OCoLC)06043040 
035 |9 AAK3577AM 
040 |a DLC  |c DLC  |d m.c.  |d TXA  |d UtOrBLW 
049 |a TXAM  |c [1361767] 
050 0 0 |a T60.2  |b .C76 1980 
082 0 |a 658.5/42 
100 1 |a Crossan, Richard M. 
245 1 0 |a Master standard data :  |b the economic approach to work measurement /  |c Richard M. Crossan, Harold W. Nance. 
250 |a Reprint ed. 
264 1 |a Huntington, N.Y. :  |b R.E. Krieger Pub. Co.,  |c 1980 
264 4 |c ©1972 
300 |a viii, 259 pages :  |b illustrations ;  |c 23 cm. 
336 |a text  |b txt  |2 rdacontent 
337 |a unmediated  |b n  |2 rdamedia 
338 |a volume  |b nc  |2 rdacarrier 
500 |a Reprint of the revised edition published by McGraw-Hill, New York. 
500 |a Includes index. 
650 0 |a Work measurement. 
700 1 |a Nance, Harold W. 
999 |a MARS 
999 f f |s 5c72258b-58df-3c41-b752-7ec4239eee46  |i a7499328-c99d-3975-86af-31fd12a8388a  |t 0 
952 f f |p ric  |a Texas A&M University  |b Rellis Campus  |c Joint Library Facility  |d Remote Storage  |t 0  |e T60.2 .C76 1980  |h Library of Congress classification  |i unmediated -- volume  |m A14806240566 
998 f f |a T60.2 .C76 1980  |t 0  |l Remote Storage